Legenda o Antikristovi : (z Troch rozhovorov, 1900) /

Main Author: Solov‘jev, Vladimir Sergejevič, 1853-1900
Language: Slovak
Published: V Bratislave : Ars Stigmy, 1992
Edition: 1. vyd.
Series: Skvosty filozofov
Physical Description: 30 s. ; 29 cm
Book
Saved in:
LEADER 01497nam a2200421 a 4500
001 000760283
003 CZ BrMZK
005 20200116130404.0
007 ta
008 050120s1992 xo er 000 0 slo d
020 |a 80-85-264-34-X  |q (brož.) 
040 |a BOA001  |b cze 
041 1 |a slo  |h rus 
072 7 |a 27-1/-2  |x Křesťanská teologie. Dogmatická teologie  |2 Konspekt  |9 5 
080 |a 27-175  |2 MRF 
080 |a 27-175.2  |2 MRF 
080 |a 27-175.27  |2 MRF 
080 |a 27-423  |2 MRF 
080 |a 930.1  |2 MRF 
080 |a (0:82-4)  |2 MRF 
100 1 |a Solov‘jev, Vladimir Sergejevič,  |d 1853-1900  |7 jn19992017288  |4 aut 
245 1 0 |a Legenda o Antikristovi :  |b (z Troch rozhovorov, 1900) /  |c Vladimír Soloviov ; [z ruského originálu ... preložil Ján Komorovský] 
250 |a 1. vyd. 
260 |a V Bratislave :  |b Ars Stigmy,  |c 1992 
300 |a 30 s. ;  |c 29 cm 
490 1 |a Skvosty filozofov 
650 0 7 |a eschatologie  |7 ph114483  |2 czenas 
650 0 7 |a apokalyptika  |7 ph138428  |2 czenas 
650 0 7 |a Antikrist  |7 ph138469  |2 czenas 
650 0 7 |a dobro a zlo  |7 ph114334  |2 czenas 
650 0 7 |a filozofie dějin  |7 ph120224  |2 czenas 
655 7 |a úvahy  |7 fd134000  |2 czenas 
765 0 |t Sobranije sočinenij Vladimira Sergejeviča Solov‘jeva, tom VIII (1897-1900)  |9 Slovensky 
830 0 |a Skvosty filozofov 
910 |a BOA001  |b 3-1147.083 
990 |a BK 
991 |b 200504  |c NOV 
996 7 |b 2610240774  |c 3-1147.083  |l MZK  |r Sklad / do 1 hodiny  |n 5  |p dar  |w 000760283  |u 000010  |a 1  |e BOA001  |j MZK50  |s A